| 000 | 00499nam a2200169Ia 4500 | ||
|---|---|---|---|
| 999 |
_c8038 _d8038 |
||
| 003 | OSt | ||
| 005 | 20200811113536.0 | ||
| 008 | 190216s9999||||xx |||||||||||||| ||und|| | ||
| 020 | _a9788131734094 | ||
| 040 | _coclc | ||
| 082 |
_a650.7 _bEMM/M |
||
| 100 |
_aEmmanuel, Mathew _91255 |
||
| 245 | 0 |
_aMethodology Of Business Education / _cMathew Emmanuel |
|
| 260 |
_bPearson Education Asia, _c2012. _aNew Delhi: |
||
| 300 | _a160p | ||
| 942 |
_cBK _2ddc _h650.7 _iEMM/M _k650.7 _mEMM/M |
||